| 000 | 00649 a2200181 4500 | ||
|---|---|---|---|
| 020 | _a818128304X | ||
| 020 | _a9788181283047 | ||
| 082 | _a515 | ||
| 090 |
_c743 _d743 |
||
| 100 | 1 | _aSohrab.Houshang H | |
| 245 | 1 | 0 |
_aBasic real analysis / _cHoushang H.Sohrab |
| 260 |
_a[S.l.] : _bSpringer, _c2003. |
||
| 300 | _a1 v. (unpaged) | ||
| 700 | _aSohrab.Houshang H | ||
| 942 |
_aSNS _cBK _k515 SOH |
||
| 999 |
_c29370 _d29370 |
||